| 000 | 00492nam a22001577a 4500 | ||
|---|---|---|---|
| 003 | 0 | ||
| 005 | 20231107100056.0 | ||
| 008 | 230701b xxu||||| |||| 00| 0 eng d | ||
| 050 |
_aPN 1969 _b.On58 2022 |
||
| 100 | _aOng, Erwin James | ||
| 245 |
_aCompassion satisfaction and resilience of drag performers _cOng, Erwin James |
||
| 260 |
_aLas PiƱas City _bSouthville International School and Colleges _cc2022 |
||
| 300 |
_ax, 192pp. _c28cm. |
||
| 500 | _aDrag performers. | ||
| 942 |
_2lcc _cTH |
||
| 999 |
_c365102 _d365102 |
||